The language of literature ; Georgia teacher`s edition (Record no. 35911)

MARC details
000 -LEADER
fixed length control field 00398nam a2200157Ia 4500
020 ## - INTERNATIONAL STANDARD BOOK NUMBER
ISBN 0-618-23320-2
050 ## - CALL MARK
Classification number PE 1101 .L58/
245 #4 - TITLE STATEMENT
Title The language of literature ; Georgia teacher`s edition
260 ## - PUBLICATION, DISTRIBUTION, ETC. (IMPRINT)
Place of publication Evanston, Ill
260 ## - PUBLICATION, DISTRIBUTION, ETC. (IMPRINT)
Name of publisher McDougal Littell
260 ## - PUBLICATION, DISTRIBUTION, ETC. (IMPRINT)
Year of publication 2003
650 ## - SUBJECT ADDED ENTRY--TOPICAL TERM
Topical Term Literature
942 ## - ADDED ENTRY ELEMENTS (KOHA)
Koha item type Books
Holdings
Withdrawn status Lost status Source of classification or shelving scheme Damaged status Not for loan Permanent Location Current Location Date acquired Accession Number Price effective from Koha item type
    Library of Congress Classification     NILE UNIVERSITY OF NIGERIA - MAIN LIBRARY NILE UNIVERSITY OF NIGERIA - MAIN LIBRARY 04/23/2025 0005255 04/23/2025 Books